000
00330nam a2200133Ia 4500
005
20251222143156.0
008
251222s9999||||xx |||||||||||||| ||spa||
020
_a
970-10-3084-2
082
_a
658.15/B46
100
_a
Besley, Scott
245
0
_a
Fundamentos de Administración Financiera
264
_b
McGraw-Hill
942
_c
LIB
999
_c
12869
_d
12869